000 00382nam a22001457a 4500
020 _qPB.
040 _cFIZZA ISHAQ
082 _a006.7
_bPOR
100 _aLINGRAS,PAWAN SCOBEY PORTER.
_989349
245 _aWEB PROGRAMMING AND INTERNET TECHNOLOGIES /
_cPORTER SCOBEY PAWAN LINGRAS.
250 _a2 nd ED.
260 _aNEW YORK ;
_c2018.
300 _a579 P. ;
942 _2ddc
_cBK
999 _c588117
_d588117